Państwa, które wygrały Puchar Narodów w Skokach Narciarskich - Statystyki

Ogólne statystyki
  • Ten quiz został rozwiązany 84 razy
  • Średni wynik to 6 z 6
Statystyki odpowiedzi
Hint Odpowiedź % Poprawnych
2 razy Polska
99%
3 razy Niemcy
97%
21 razy Austria
96%
9 razy Norwegia
95%
7 razy Finlandia
91%
3 razy Japonia
88%
Nie znaleziono quizów pasujących do podanych kryteriów
Rozkład punktacji
Procent ludzi z każdym wynikiem
Percentyl według liczby udzielonych odpowiedzi
Twoja historia wyników
Nie rozwiązałeś tego quizu